[Event "Korbach 1st op A 2007"]
[Site "Korbach"]
[Date "2007.10.14"]
[Round "7.15"]
[White "Tominski, Norbert"]
[Black "Rymar, Evgeniy"]
[Result "1/2-1/2"]
[WhiteElo "1825"]
[BlackElo "1893"]
[PlyCount "64"]
[EventDate "2007.10.11"]
[EventType "swiss"]
[EventRounds "7"]
[EventCountry "GER"]
[SourceTitle "EXT 2009"]
[Source "ChessBase"]
[SourceDate "2008.11.26"]
[SourceVersion "1"]
[SourceVersionDate "2008.11.26"]
[SourceQuality "1"]

1. d4 Nf6 2. Nf3 e6 3. Bf4 d5 4. e3 Be7 5. h3 c5 6. c3 Nc6 7. Nbd2 0-0 8. Qc2 a6 9. Ne5 Bd7 10. dxc5 Bxc5 11. Bd3 Rc8 12. 0-0 Be7 13. Nxd7 Qxd7 14. Nf3 Nb4 15. Qe2 Nxd3 16. Qxd3 Bd6 17. Bxd6 Qxd6 18. Qd4 Rc4 19. Qd3 b5 20. Rfd1 Qb8 21. Nd2 Rc7 22. e4 Rfc8 23. a3 a5 24. exd5 exd5 25. Qd4 b4 26. axb4 axb4 27. Qxb4 Rb7 28. Qd4 Rxb2 29. Rab1 Rxb1 30. Rxb1 Qc7 31. c4 dxc4 32. Nxc4 h6 1/2-1/2

[Event "Korbach 1st op A 2007"]
[Site "Korbach"]
[Date "2007.10.13"]
[Round "4.3"]
[White "Donchenko, Anatoly G"]
[Black "Rymar, Evgeniy"]
[Result "1-0"]
[WhiteElo "2355"]
[BlackElo "1893"]
[PlyCount "67"]
[EventDate "2007.10.11"]
[EventType "swiss"]
[EventRounds "7"]
[EventCountry "GER"]
[SourceTitle "EXT 2009"]
[Source "ChessBase"]
[SourceDate "2008.11.26"]
[SourceVersion "1"]
[SourceVersionDate "2008.11.26"]
[SourceQuality "1"]

1. d4 Nf6 2. Nf3 e6 3. c4 d5 4. e3 Be7 5. Nbd2 0-0 6. a3 Nbd7 7. Be2 c6 8. Qc2 Qc7 9. 0-0 e5 10. cxd5 Nxd5 11. b4 exd4 12. Nxd4 c5 13. bxc5 Qxc5 14. Bb2 Qxc2 15. Nxc2 Bf6 16. Bxf6 N7xf6 17. Nd4 Bg4 18. Bxg4 Nxg4 19. Rab1 Nb6 20. Ne4 Rfc8 21. Nd6 Rc7 22. Rfc1 Rd7 23. Ne4 Ne5 24. Nc5 Re7 25. Nf5 Rc7 26. Nd6 Nbc4 27. Ncxb7 Nxa3 28. Rxc7 Nxb1 29. f4 Ng4 30. e4 f6 31. h3 Nh6 32. e5 fxe5 33. fxe5 a5 34. e6 1-0

[Event "Korbach 1st op A 2007"]
[Site "Korbach"]
[Date "2007.10.11"]
[Round "1.8"]
[White "Rymar, Evgeniy"]
[Black "Gazic, Josip"]
[Result "1/2-1/2"]
[WhiteElo "1893"]
[BlackElo "2274"]
[PlyCount "120"]
[EventDate "2007.10.11"]
[EventType "swiss"]
[EventRounds "7"]
[EventCountry "GER"]
[SourceTitle "EXT 2009"]
[Source "ChessBase"]
[SourceDate "2008.11.26"]
[SourceVersion "1"]
[SourceVersionDate "2008.11.26"]
[SourceQuality "1"]

1. Nf3 g6 2. c4 Bg7 3. d4 c5 4. e3 Nf6 5. Be2 0-0 6. Nc3 d6 7. 0-0 Nc6 8. b3 cxd4 9. Nxd4 Nxd4 10. exd4 d5 11. Bb2 Be6 12. cxd5 Nxd5 13. Nxd5 Bxd5 14. Bf3 e6 15. Rc1 Bxf3 16. Qxf3 Qb6 17. Rc4 Rfd8 18. Rfc1 Bxd4 19. Bxd4 Rxd4 20. Rc7 Rf8 21. Rxb7 Qa5 22. h3 Rd5 23. g4 Qd2 24. Qe3 Qxa2 25. Rxa7 Qb2 26. Rac7 Qf6 27. Rc8 Rxc8 28. Rxc8+ Kg7 29. Rc5 Rd4 30. g5 Qf4 31. Qxf4 Rxf4 32. Rb5 h5 33. Kg2 h4 34. b4 Kf8 35. Rb7 Rf5 36. b5 Rxg5+ 37. Kf3 Rf5+ 38. Ke3 g5 39. b6 Rb5 40. Kf3 Kg7 41. Rb8 Kg6 42. Rb7 Rb3+ 43. Kg2 f6 44. Rb8 Kf5 45. Kh2 Kf4 46. b7 f5 47. Re8 Rxb7 48. Rxe6 Rg7 49. Rh6 Kf3 50. Kg1 Re7 51. Rh5 Re1+ 52. Kh2 Kxf2 53. Rxg5 f4 54. Rg8 Re2 55. Rg1 f3 56. Ra1 Ke3+ 57. Kg1 Kf4 58. Ra8 Kg3 59. Rg8+ Kxh3 60. Rf8 Rg2+ 1/2-1/2

[Event "Bad Zwesten op 9th"]
[Site "Bad Zwesten"]
[Date "2005.01.07"]
[Round "8"]
[White "Aslan, Benjamin"]
[Black "Rymar, Evgeniy"]
[Result "0-1"]
[WhiteElo "1412"]
[BlackElo "1737"]
[PlyCount "44"]
[EventDate "2005.01.02"]
[EventType "swiss"]
[EventRounds "9"]
[EventCountry "GER"]
[SourceTitle "CBM 104 Extra"]
[Source "ChessBase"]
[SourceDate "2005.03.01"]
[SourceVersion "1"]
[SourceVersionDate "2005.03.01"]
[SourceQuality "1"]

1. d4 Nf6 2. c4 g6 3. Nc3 Bg7 4. e4 d6 5. Nf3 Nbd7 6. Be2 b6 7. 0-0 Bb7 8. Qc2 0-0 9. Rd1 c5 10. e5 dxe5 11. dxe5 Ne8 12. e6 fxe6 13. Ng5 Nc7 14. Nb5 Nxb5 15. Nxe6 Qc8 16. Nxf8 Nd4 17. Rxd4 cxd4 18. Nxd7 Qxd7 19. f4 e5 20. fxe5 Bxe5 21. Bh6 Qd8 22. Rf1 Qh4 0-1

[Event "Hessen-ch U14"]
[Site "Bad Homburg"]
[Date "2005.??.??"]
[Round "1"]
[White "Ackermann, Johannes"]
[Black "Rymar, Evgeniy"]
[Result "0-1"]
[WhiteElo "1250"]
[BlackElo "1726"]
[PlyCount "74"]
[EventDate "2005.04.??"]
[EventType "swiss"]
[EventRounds "8"]
[EventCountry "GER"]
[SourceTitle "EXT 2007"]
[Source "ChessBase"]
[SourceDate "2006.11.23"]
[SourceVersion "1"]
[SourceVersionDate "2006.11.23"]
[SourceQuality "1"]

1. d4 Nf6 2. c4 g6 3. Nc3 Bg7 4. Nf3 d6 5. e4 Nbd7 6. Be2 0-0 7. Be3 c5 8. a3 Qa5 9. Nd2 cxd4 10. Bxd4 Ne5 11. b4 Qd8 12. Nb3 Nc6 13. Be3 h5 14. Rb1 Ng4 15. Bd2 Nd4 16. Bxg4 Bxg4 17. f3 Bd7 18. Rc1 Nxb3 19. Qxb3 e6 20. Be3 Qh4+ 21. Ke2 a6 22. Rcd1 Qe7 23. c5 Qf6 24. Bd4 e5 25. Be3 Be6 26. Nd5 Bxd5 27. Qxd5 dxc5 28. Bxc5 Rfd8 29. Qxb7 Qg5 30. g3 Bh6 31. Qe7 Rd2+ 32. Rxd2 Qxd2+ 33. Kf1 Rd8 34. Qxe5 Qd1+ 35. Kg2 Rd2+ 36. Bf2 Rxf2+ 37. Kxf2 Qxh1 0-1

[Event "Hessen-ch U14"]
[Site "Bad Homburg"]
[Date "2005.??.??"]
[Round "7"]
[White "Hummel, Dennis"]
[Black "Rymar, Evgeniy"]
[Result "0-1"]
[WhiteElo "1434"]
[BlackElo "1726"]
[PlyCount "82"]
[EventDate "2005.04.??"]
[EventType "swiss"]
[EventRounds "8"]
[EventCountry "GER"]
[SourceTitle "EXT 2007"]
[Source "ChessBase"]
[SourceDate "2006.11.23"]
[SourceVersion "1"]
[SourceVersionDate "2006.11.23"]
[SourceQuality "1"]

1. c4 Nf6 2. Nf3 g6 3. g3 Bg7 4. Bg2 0-0 5. 0-0 d6 6. Nc3 Nbd7 7. Rb1 c5 8. b3 a6 9. Bb2 Rb8 10. Re1 b5 11. d3 b4 12. Na4 Nb6 13. Nxb6 Rxb6 14. e4 Re8 15. Nh4 e5 16. Rf1 a5 17. f4 exf4 18. Qe1 fxg3 19. hxg3 Be6 20. Nf3 h6 21. Qd2 Nh5 22. Kh2 Ra6 23. Rh1 a4 24. Bh3 Qd7 25. Kg2 axb3 26. Bxg7 Kxg7 27. axb3 Bg4 28. Rb2 Rh8 29. Qe3 Nf6 30. e5 Bxh3+ 31. Rxh3 dxe5 32. Qxe5 Qxd3 33. Qxc5 Ra1 34. Qf2 Ra3 35. Qd2 Qc3 36. Rh1 Rxb3 37. Qxc3 Rxc3 38. Rxb4 Rc2+ 39. Kf1 Ne4 40. Rh2 Nxg3+ 41. Kg1 Rc3 0-1